Services Marketing;integrating Customer Focus Across the Firm (Record no. 103528)

MARC details
000 -LEADER
fixed length control field 00391nam a2200133Ia 4500
008 - FIXED-LENGTH DATA ELEMENTS--GENERAL INFORMATION
fixed length control field 211118s9999||||xx |||||||||||||| ||und||
082 ## - DEWEY DECIMAL CLASSIFICATION NUMBER
Classification number 658.8
Item number ZEI-S
100 ## - MAIN ENTRY--PERSONAL NAME
Personal name Zeithamn, Valrie A
245 #0 - TITLE STATEMENT
Title Services Marketing;integrating Customer Focus Across the Firm
260 ## - PUBLICATION, DISTRIBUTION, ETC.
Name of publisher, distributor, etc. Tata Macgraw-Hill
Place of publication, distribution, etc. New Delhi
Date of publication, distribution, etc. 2003
630 ## - SUBJECT ADDED ENTRY--UNIFORM TITLE
General subdivision MBA LIBRARY
650 ## - SUBJECT ADDED ENTRY--TOPICAL TERM
Topical term or geographic name entry element Management
942 ## - ADDED ENTRY ELEMENTS (KOHA)
Koha item type BOOK
650 ## - SUBJECT ADDED ENTRY--TOPICAL TERM
Form subdivision Management
Holdings
Withdrawn status Lost status Damaged status Not for loan Home library Current library Date acquired Cost, normal purchase price Total Checkouts Full call number Barcode Shelving location Date last seen Price effective from Koha item type
        SB LIBRARY SB LIBRARY 18/11/2021 335.00   658.8 ZEI-S 00109745 MBA LIBRARY 18/11/2021 18/11/2021 BOOK

Powered by Koha